Normal view MARC view

Entry Personal Name

Number of records used in: 3

001 - CONTROL NUMBER

  • control field: 35397

003 - CONTROL NUMBER IDENTIFIER

  • control field: dpl

005 - DATE AND TIME OF LATEST TRANSACTION

  • control field: 20111010121439.0

008 - FIXED-LENGTH DATA ELEMENTS

  • fixed length control field: 111010|||a|||||| | ||| d

040 ## - CATALOGING SOURCE

  • Original cataloging agency: dpl
  • Transcribing agency: dpl

100 ## - HEADING--PERSONAL NAME

  • Personal name: अग्रवाल, दीपा

670 ## - SOURCE DATA FOUND

  • Source citation: Work cat.: (dpl)21936: अग्रवाल, दीपा 35395, शान्ति का मित्र /, 2007

670 ## - SOURCE DATA FOUND

  • Source citation: Work cat.: (dpl)21936: अग्रवाल, दीपा 35395, शान्ति का मित्र /, 2007

© Delhi Public Library
Hit Counter
free hit counter